[Event "Mechanics' Alan Benson TNM; G/2"]
[Site "San Francisco"]
[Date "2016.09.06"]
[Round "6.27"]
[White "Brown, Nicholas M"]
[Black "Casares Jr, Nick"]
[Result "1-0"]
[WhiteElo "1419"]
[BlackElo "1617"]
[Annotator "Winslow,Elliott"]
[PlyCount "61"]
[EventDate "2016.??.??"]

1. d4 d5 2. c4 dxc4 3. e4 e5 4. d5 ({Those crazy grandmasters play} 4. Nf3 exd4
5. Bxc4) 4... Bb4+ 5. Bd2 Bxd2+ 6. Qxd2 Nf6 7. Nc3 O-O 8. Bxc4 Nbd7 9. Nf3 Nc5
10. Qc2 a6 11. b4 Na4 12. Qxa4 b5 13. Bxb5 Nxe4 14. Bc6 ({Nothing wrong with} 
14. Nxe4) 14... Nxc3 15. Qc2 Nb5 16. Bxa8 Bg4 17. Bc6 Qf6 18. Qe4 Bxf3 19. Qxf3
Qd6 20. O-O Nd4 21. Qd1 f5 22. Re1 f4 23. f3 Nf5 24. Qd3 Qg6 25. Bd7 Qb6+ 26.
Kh1 Ng3+ 27. hxg3 Rf6 28. Rxe5 Rh6+ 29. Bh3 Qf2 30. Qf5 Rxh3+ 31. Qxh3 1-0

[Event "Mechanics' Fall TNM; G/2"]
[Site "San Francisco"]
[Date "2016.11.22"]
[Round "6.29"]
[White "Brown, Nicholas M"]
[Black "Chan, John"]
[Result "1-0"]
[WhiteElo "1419"]
[BlackElo "1595"]
[PlyCount "97"]
[EventDate "2016.??.??"]

1. d4 Nf6 2. c4 c6 3. Nc3 h6 4. Nf3 d6 5. e3 Nbd7 6. Bd3 Qc7 7. O-O e6 8. e4 e5
9. d5 a6 10. Ne2 Nc5 11. Ng3 Bd7 12. Bc2 b6 13. b3 Be7 14. Bb2 Rg8 15. Rc1 a5
16. Bb1 Qb7 17. a3 Na6 18. Bd3 c5 19. Re1 O-O-O 20. Be2 g5 21. h3 h5 22. Nh2
Kb8 23. Bxh5 Rg7 24. Bg4 Rh8 25. Bxd7 Qxd7 26. Nf5 Rgh7 27. Re3 Bd8 28. Rcc3
Nh5 29. Bc1 Nf4 30. Ng4 Kc7 31. Rf3 Ng6 32. Bd2 Kb7 33. Qc1 f6 34. Kf1 Rf8 35.
Rcd3 Rhh8 36. Ke2 Bc7 37. Ng3 Nh4 38. Rxf6 Nxg2 39. Rxf8 Rxf8 40. Bxg5 Qh7 41.
Bh6 Rf7 42. Qh1 Nh4 43. Bg5 Ng6 44. Rf3 Nf4+ 45. Bxf4 exf4 46. Nf5 Qh8 47. Qc1
Nb8 48. Qxf4 Ka6 49. Qh6 1-0

[Event "Mechanics' Alan Benson TNM; G/2"]
[Site "San Francisco"]
[Date "2016.08.02"]
[Round "1.18"]
[White "Brown, Nicholas M"]
[Black "Clemens, Kristian"]
[Result "1/2-1/2"]
[WhiteElo "1419"]
[BlackElo "1959"]
[Annotator "Donaldson"]
[PlyCount "66"]
[EventDate "2016.??.??"]

1. d4 d5 2. c4 e6 3. Nc3 Nf6 4. Bg5 Be7 5. e3 Nbd7 6. Nf3 O-O 7. Bd3 dxc4 8.
Bxc4 b6 9. O-O Bb7 10. Bxf6 Nxf6 11. Bd3 c5 12. Be2 Rc8 13. Rc1 cxd4 14. Nxd4
Bb4 15. Qb3 Qe7 16. a3 Bc5 17. Nf3 Ng4 18. h3 {Diagram [#]} Nxe3 $1 19. fxe3
Bxe3+ 20. Kh1 Bxc1 21. Rxc1 Bd5 22. Qb4 Qf6 $6 (22... Qxb4 23. axb4 Bxf3 24.
Bxf3 Rc4 25. b5 Rd8 $17) 23. Rf1 Qg6 24. Nxd5 exd5 25. Nh4 Qg3 $4 26. Nf5 $1
Qe5 27. Ne7+ Kh8 28. Nxc8 $18 Rxc8 29. Rxf7 Qe8 30. Qe7 Qg8 31. Bb5 a5 32. Bd7
Rc1+ 33. Kh2 Qb8+ (33... Qb8+ 34. g3 Rc2+ 35. Kh1 Rc1+ 36. Kg2 Rc2+ 37. Kf3 Qg8
38. Rf8 $18) 1/2-1/2

[Event "Mechanics' Summer TNM; G/2"]
[Site "San Francisco"]
[Date "2016.06.21"]
[Round "5.49"]
[White "Brown, Nicholas M"]
[Black "Coolidge, Brian"]
[Result "1/2-1/2"]
[WhiteElo "1479"]
[BlackElo "1484"]
[PlyCount "78"]
[EventDate "2016.??.??"]

1. d4 d5 2. c4 e6 3. Nc3 Nf6 4. Bf4 Bd6 5. Bxd6 Qxd6 6. e3 b6 7. Nf3 Nbd7 8.
Bd3 c5 9. O-O Bb7 10. cxd5 Nxd5 11. Nb5 Qc6 12. Rc1 a6 13. Nc3 c4 14. Ne4 b5
15. Ned2 N5b6 16. Be4 Qc7 17. Bxb7 Qxb7 18. Qc2 Rc8 19. Ne4 Rc6 20. Rfd1 Nd5
21. a3 O-O 22. Neg5 g6 23. h4 f6 24. Ne4 f5 25. Ng3 N5f6 26. Ne2 Rfc8 27. Nf4
Nd5 28. Nxd5 exd5 29. h5 Kg7 30. hxg6 hxg6 31. Qc3 Re8 32. b3 Rec8 33. b4 Re8
34. Ne5 Nxe5 35. dxe5 Rce6 36. f4 Rd8 37. Rc2 Kf7 38. Rcd2 Re7 39. Rd4 Red7
1/2-1/2

[Event "Mechanics' Summer TNM; G/2"]
[Site "San Francisco"]
[Date "2016.07.05"]
[Round "7.37"]
[White "Brown, Nicholas M"]
[Black "Cowgill, Jackie"]
[Result "1-0"]
[WhiteElo "1479"]
[BlackElo "964"]
[Annotator "Donaldson"]
[PlyCount "125"]
[EventDate "2016.??.??"]

1. d4 d5 2. c4 c6 3. Nf3 Nf6 4. Nc3 Bf5 $2 5. e3 (5. cxd5 $1 cxd5 6. Qb3 {
see the notes to Shnaiderman-MacIntyre from this round.}) 5... e6 6. cxd5 exd5
7. Be2 Be7 8. O-O O-O 9. Nh4 Be6 10. Bd3 Ne4 11. Nf3 Nxc3 (11... Nd7) 12. bxc3
Nd7 13. Qc2 Nf6 (13... h6) 14. Ng5 Ne4 $2 (14... h6) 15. Nxe6 fxe6 16. Bxe4
dxe4 17. Qxe4 Qd7 18. Qg4 Bf6 19. e4 Rfe8 20. e5 Bd8 21. Re1 Bb6 22. Ba3 Ba5
23. Re3 b5 24. Bb4 Bb6 25. Rd1 Qd5 26. Qe2 a5 27. Bd6 Ra7 28. Qc2 Rf7 29. Qb3
Bd8 30. Qxd5 cxd5 31. Rb1 Bg5 (31... Rb7) 32. Re2 Rf5 (32... Rb7 33. Reb2) 33.
Rxb5 Bf4 34. Rxa5 Rh5 35. g3 Bc1 36. Rb5 Ra8 37. Rb8+ Rxb8 38. Bxb8 Rf5 39. Rc2
Bg5 40. a4 Rf8 41. Bc7 Rc8 42. Bb6 Rb8 43. a5 Bd8 44. Bxd8 Rxd8 45. Ra2 Ra8 46.
a6 h5 47. a7 Kh7 48. h4 Kg6 49. f3 Kf5 50. Kf2 g5 51. hxg5 Kxg5 52. Ke3 h4 53.
gxh4+ Kxh4 54. Ra6 Kg3 55. Rxe6 Rxa7 56. Rg6+ Kh4 57. f4 Ra1 58. f5 Re1+ 59.
Kd2 Ra1 60. e6 Ra2+ 61. Kc1 Kh5 62. e7 Re2 63. Re6 1-0

[Event "Mechanics' Fall TNM; G/2"]
[Site "San Francisco"]
[Date "2016.11.29"]
[Round "7.22"]
[White "Brown, Nicholas M"]
[Black "Paquette, James"]
[Result "1/2-1/2"]
[WhiteElo "1419"]
[BlackElo "1767"]
[PlyCount "63"]
[EventDate "2016.??.??"]

1. d4 d6 2. c4 Nf6 3. Nc3 Nbd7 4. Nf3 e5 5. Bg5 Be7 6. e3 h6 7. Bh4 g5 8. Bg3
Nh5 9. dxe5 Nxg3 10. hxg3 dxe5 11. Qc2 Bf6 12. O-O-O Bg7 13. Bd3 Qf6 14. Nd5
Qc6 15. Be4 Nc5 16. Nc3 Nxe4 17. Qxe4 Qxe4 18. Nxe4 f5 19. Nc3 c6 20. e4 O-O
21. Nd2 f4 22. gxf4 gxf4 23. f3 Be6 24. b3 Rac8 25. Kb1 Rf6 26. Ne2 Rg6 27. Rh2
Rd8 28. Kc2 Bf8 29. Nc1 Bf7 30. Nd3 Be7 31. Nb1 Rgd6 32. Nc3 1/2-1/2

[Event "Mechanics' Alan Benson TNM; G/2"]
[Site "San Francisco"]
[Date "2016.09.20"]
[Round "8.31"]
[White "Brown, Nicholas M"]
[Black "Paquette, James"]
[Result "0-1"]
[WhiteElo "1419"]
[BlackElo "1730"]
[PlyCount "30"]
[EventDate "2016.??.??"]

1. d4 d6 2. e4 Nf6 3. Nc3 Nbd7 4. Nf3 e5 5. Bc4 h6 6. O-O Be7 7. Re1 c6 8. d5
Nf8 9. b3 g5 10. dxc6 bxc6 11. Bb2 Ng6 12. Qd2 $2 g4 13. Re3 gxf3 14. Rxf3 Nf4
15. Nd1 Nxe4 0-1

[Event "Mechanics' Summer TNM; G/2"]
[Site "San Francisco"]
[Date "2016.06.14"]
[Round "4.47"]
[White "Brown, Nicholas M"]
[Black "Raphael, Pat"]
[Result "0-1"]
[WhiteElo "1479"]
[BlackElo "629"]
[PlyCount "74"]
[EventDate "2016.??.??"]

1. d4 d5 2. c4 dxc4 3. a4 e6 4. e4 Nc6 5. Nf3 Nf6 6. e5 Ne4 7. Bxc4 Bb4+ 8. Bd2
O-O 9. Bc3 Bxc3+ 10. Nxc3 Nxc3 11. bxc3 Na5 12. Bd3 b6 13. O-O Bb7 14. Re1 f6
15. Bc2 g5 16. exf6 Qxf6 17. Qd3 Rf7 18. Qe3 Re8 19. Qxg5+ Qxg5 20. Nxg5 Rg7
21. Ne4 Rf8 22. g3 Nc4 23. f4 $2 Rxf4 24. Bb3 Bd5 25. Bxc4 Bxc4 26. Nd2 Bd5 27.
Rf1 Rfg4 28. Rab1 h5 29. Kf2 h4 30. Rg1 hxg3+ 31. hxg3 Rh7 32. Nf1 Rf7+ 33. Ke1
Rf3 34. Kd2 Rf2+ 35. Kd1 Bg2 36. Ke1 Ra2 37. Rc1 Re4+ 0-1

[Event "Mechanics' Fall TNM; G/2"]
[Site "San Francisco"]
[Date "2016.12.13"]
[Round "9.29"]
[White "Brown, Nicholas M"]
[Black "Ricard, Bruce"]
[Result "1-0"]
[WhiteElo "1419"]
[BlackElo "1569"]
[PlyCount "80"]
[EventDate "2016.??.??"]

1. d4 f5 2. Nf3 Nf6 3. c4 g6 4. Nc3 e6 5. Bg5 Bg7 6. e4 fxe4 7. Nxe4 O-O 8. Be2
d6 9. O-O Nbd7 10. Qb3 h6 11. Nxf6+ Nxf6 12. Be3 Bd7 13. Qc2 Ng4 14. Qxg6 Nxe3
15. fxe3 Rf6 16. Qg3 Qe7 17. Nh4 Rxf1+ 18. Rxf1 Qg5 19. Qxg5 hxg5 20. Nf3 g4
21. Ne1 e5 22. d5 Bh6 23. Nc2 Bg5 24. Bd3 Rf8 25. Rxf8+ Kxf8 26. b4 c6 27. e4
Bf4 28. g3 Bd2 29. b5 Ke7 30. a4 Kd8 31. Kf2 Ba5 32. Be2 Bb6+ 33. Kg2 Kc7 34.
Ne1 Be3 35. Nd3 Kb6 36. bxc6 bxc6 37. dxc6 Kxc6 38. Nb4+ Kc5 39. Nd5 Bg5 40. a5
Kd4 {Black lost on time.} 1-0

[Event "Mechanics' Alan Benson TNM; G/2"]
[Site "San Francisco"]
[Date "2016.08.16"]
[Round "3.13"]
[White "Brown, Nicholas M"]
[Black "Wong, Russell"]
[Result "0-1"]
[WhiteElo "1419"]
[BlackElo "2200"]
[PlyCount "84"]
[EventDate "2016.??.??"]

1. d4 Nf6 2. c4 c5 3. d5 e5 4. Bg5 d6 5. Nc3 Be7 6. Nf3 O-O 7. e4 Bg4 8. Bxf6
Bxf6 9. Be2 Na6 10. a3 Nc7 11. Nd2 Bd7 12. Bg4 b5 13. Bxd7 Qxd7 14. Qe2 Bg5 15.
Nf3 Be7 16. cxb5 Rfb8 17. a4 a6 18. bxa6 Rxa6 19. O-O Rab6 20. Rfb1 Rb3 21. Ra3
Rxa3 22. bxa3 Rxb1+ 23. Nxb1 Qxa4 24. Nfd2 Nb5 25. Nc4 Qb3 26. Ncd2 Qb2 27. Qd3
g6 28. Nc4 Qc1+ 29. Qf1 Qc2 30. Ne3 Qb2 31. Nc4 Qc2 32. Ne3 Qb3 33. Nc4 Nd4 34.
Ncd2 Qa4 35. Nc4 f5 36. Nc3 Qc2 37. Nd1 Ne2+ 38. Kh1 Qxc4 39. Ne3 Qd3 40. exf5
gxf5 41. Qd1 Qxd1+ 42. Nxd1 c4 0-1

[Event "Mechanics' Fall TNM; G/2"]
[Site "San Francisco"]
[Date "2016.11.01"]
[Round "3.33"]
[White "Brown, Nicholas M"]
[Black "Yanofsky, Kevin"]
[Result "0-1"]
[WhiteElo "1419"]
[BlackElo "1694"]
[PlyCount "78"]
[EventDate "2016.??.??"]

1. d4 Nf6 2. c4 e6 3. Nf3 Bb4+ 4. Bd2 Qe7 5. a3 Bxd2+ 6. Nbxd2 Nc6 7. e3 a5 8.
Bd3 d6 9. O-O e5 10. Qc2 O-O 11. d5 Nb8 12. Ne4 Nxe4 13. Bxe4 f5 14. Bxf5 Bxf5
15. e4 Bg6 16. Rfe1 Nd7 17. Qd2 Nc5 18. Qg5 Qxg5 19. Nxg5 h6 20. Ne6 Nxe6 21.
dxe6 Rae8 22. b4 axb4 23. axb4 Rxe6 24. f3 Rb8 25. Ra7 Re7 26. Rea1 b5 27. Rc1
Kf8 28. c5 dxc5 29. Rxc5 Bf7 30. Rcxc7 Rxc7 31. Rxc7 Ra8 32. Rc5 Bc4 33. Rxe5
Ra4 34. Rf5+ Ke7 35. Rf4 Rxb4 36. e5 Rb1+ 37. Kf2 Ba2 38. Re4 b4 39. Ke3 Re1+
0-1

[Event "Mechanics' Fall TNM; G/2"]
[Site "San Francisco"]
[Date "2016.10.18"]
[Round "1.21"]
[White "Buland, Roger"]
[Black "Donaldson, Kyle Ga"]
[Result "0-1"]
[WhiteElo "1951"]
[BlackElo "1453"]
[PlyCount "65"]
[EventDate "2016.??.??"]

1. e4 e5 2. f4 Bc5 3. Nf3 d6 4. Nc3 Nc6 5. Bc4 Nf6 6. d3 Ng4 7. Qe2 Nd4 8. Nxd4
Bxd4 9. g3 c6 10. f5 h5 11. h3 Bxc3+ 12. bxc3 Nf6 13. Bg5 Qa5 14. Bd2 b5 15.
Bb3 Bd7 16. O-O Rf8 17. a4 Qc7 18. Kg2 O-O-O 19. axb5 cxb5 20. c4 bxc4 21. Bxc4
Bc6 22. Ba5 Qb7 23. Bxd8 Kxd8 24. Rfb1 Qd7 25. g4 hxg4 26. hxg4 d5 27. exd5
Nxd5 28. Bxd5 Qxd5+ 29. Kg3 Kd7 30. Rxa7+ Kd6 31. Rba1 Qd4 32. Qf2 Qd5 33. R1a5
{White is winning but Black lost on time.} 0-1

[Event "Mechanics' Fall TNM; G/2"]
[Site "San Francisco"]
[Date "2016.11.29"]
[Round "7.33"]
[White "Buland, Roger"]
[Black "Valente, Marty J"]
[Result "1-0"]
[WhiteElo "1951"]
[BlackElo "1161"]
[PlyCount "73"]
[EventDate "2016.??.??"]

1. e4 c5 2. Nf3 d6 3. d3 Nf6 4. g3 Nc6 5. Nbd2 e6 6. Bg2 Be7 7. O-O O-O 8. Re1
Qc7 9. Nf1 h6 10. h4 b6 11. Bf4 Bb7 12. c3 e5 13. Bd2 Rad8 14. Ne3 Rfe8 15. Nf5
Bf8 16. Nh2 Ne7 17. Qf3 Nxf5 18. Qxf5 g6 $4 19. Qxf6 Bg7 20. Qf3 Rf8 21. Qe2
Bc8 22. Ng4 Kh7 23. Ne3 Be6 24. c4 Qd7 25. a4 a6 26. Nd5 Rb8 27. b4 Rb7 28.
bxc5 bxc5 29. a5 Rb2 30. Nb6 Qd8 31. Qd1 Rxb6 32. axb6 Qxb6 33. Qc2 Ra8 34.
Reb1 Qc6 35. Qa4 Bd7 36. Qxc6 Bxc6 37. Rb6 1-0

[Event "Mechanics' Winter TNM; G/2"]
[Site "San Francisco"]
[Date "2016.01.05"]
[Round "1.3"]
[White "Byambaa, Uyanga"]
[Black "Hack, Richard"]
[Result "1-0"]
[WhiteElo "2241"]
[BlackElo "1654"]
[PlyCount "55"]
[EventDate "2016.??.??"]

1. e4 e5 2. Nf3 Nc6 3. d4 exd4 4. Nxd4 Bc5 5. Be3 Bb6 6. Nc3 Nf6 7. Bc4 Ne5 8.
Be2 d6 9. h3 O-O 10. O-O Re8 11. f4 Ng6 12. Bd3 Qe7 13. Qe2 c6 14. Rae1 Bd7 15.
Qf2 Rac8 16. Nf5 Bxf5 17. Bxb6 Bd7 18. Bxa7 c5 19. Bc4 Ra8 20. Bb6 Bc6 21. e5
Nd7 22. Bc7 dxe5 23. fxe5 Ndxe5 24. Bxe5 Nxe5 25. Rxe5 Qxe5 26. Bxf7+ Kh8 27.
Bxe8 Rxe8 28. Qf8+ 1-0

[Event "Mechanics' Summer TNM; G/2"]
[Site "San Francisco"]
[Date "2016.06.07"]
[Round "3.4"]
[White "Byambaa, Uyanga"]
[Black "Mays, Jerry L"]
[Result "1-0"]
[WhiteElo "2210"]
[BlackElo "1945"]
[PlyCount "77"]
[EventDate "2016.??.??"]

1. e4 d6 2. d4 g6 3. Nc3 Bg7 4. f4 Nf6 5. Nf3 O-O 6. Bd3 Bg4 7. Be3 Nbd7 8. h3
Bxf3 9. Qxf3 e5 10. dxe5 dxe5 11. f5 Qe7 12. g4 c6 13. g5 Nh5 14. f6 Ndxf6 15.
gxf6 Bxf6 16. O-O-O Nf4 17. Ne2 Qb4 18. a3 Nxd3+ 19. Rxd3 Qe7 20. Rhd1 Rfd8 21.
Rxd8+ Rxd8 22. Rxd8+ Qxd8 23. Bxa7 b6 24. Bxb6 Qxb6 25. Qxf6 Qe3+ 26. Kd1 Qxe4
27. Qd8+ Kg7 28. Qd3 Qg2 29. a4 c5 30. a5 Qh1+ 31. Kd2 Qa8 32. a6 e4 33. Qd6 f5
34. Nf4 Kh6 35. Ne6 e3+ 36. Kxe3 Qe4+ 37. Kd2 Qb4+ 38. Kd1 Qxb2 39. Qf4+ 1-0

[Event "Mechanics' Summer TNM; G/2"]
[Site "San Francisco"]
[Date "2016.06.21"]
[Round "5.3"]
[White "Byambaa, Uyanga"]
[Black "Stearman, Josiah P"]
[Result "1/2-1/2"]
[WhiteElo "2210"]
[BlackElo "2231"]
[PlyCount "56"]
[EventDate "2016.??.??"]

1. e4 c5 2. Nf3 d6 3. d4 cxd4 4. Nxd4 Nf6 5. Nc3 g6 6. Be3 Bg7 7. f3 a6 8. Qd2
h5 9. Bc4 Nbd7 10. O-O-O b5 11. Bb3 Bb7 12. h3 h4 13. Rhe1 Rc8 14. Kb1 Nc5 15.
Bg5 Qa5 16. e5 dxe5 17. Rxe5 b4 18. Qe1 O-O 19. Na4 Nfd7 20. Rxe7 Nxb3 21. axb3
Qxg5 22. Rxd7 Bc6 23. Nxc6 Rxc6 24. Qd2 Qg3 25. Rd8 Qc7 26. Rd7 Qg3 27. Qd5 Re6
28. Qd2 Rc6 1/2-1/2

[Event "Mechanics' Summer TNM; G/2"]
[Site "San Francisco"]
[Date "2016.05.24"]
[Round "1.5"]
[White "Byambaa, Uyanga"]
[Black "Weingarten, Daniel"]
[Result "1-0"]
[WhiteElo "2210"]
[BlackElo "1609"]
[Annotator "Donaldson"]
[PlyCount "77"]
[EventDate "2016.??.??"]

1. e4 c5 2. Nf3 Nc6 3. d4 cxd4 4. Nxd4 d6 5. Nc3 Nf6 6. Bc4 g6 7. Be3 Bg7 8. f3
O-O 9. Qd2 Bd7 10. Bb3 Na5 11. h4 Nxb3 12. axb3 h5 13. g4 hxg4 14. h5 Nxh5 15.
Bh6 gxf3 16. Rxh5 Bxd4 17. Qxd4 e5 18. Qf2 gxh5 19. O-O-O Bg4 20. Rg1 Kh7 21.
Bxf8 Qxf8 22. Nd5 Qh6+ 23. Kb1 b6 24. Qh4 Kg7 25. Ne7 Kh7 26. Nd5 Kg7 27. Qh1
Kh7 28. Qh4 Kg7 29. Qh1 Kh7 30. Nf6+ Qxf6 31. Rxg4 Qh6 32. Rh4 f2 33. Qf3 (33.
Rxh5 $4 f1=Q+) 33... Kg7 34. Qxf2 Rh8 35. Rh2 Qf4 36. Qg1+ Kf8 37. Rf2 Qxe4 38.
Qd1 Ke7 39. Qd2 {White went on to win. Remaining moves unavailable.} 1-0

[Event "Mechanics' Summer TNM; G/2"]
[Site "San Francisco"]
[Date "2016.07.05"]
[Round "7.2"]
[White "Byambaa, Uyanga"]
[Black "Winslow, Elliott C"]
[Result "0-1"]
[WhiteElo "2210"]
[BlackElo "2330"]
[PlyCount "106"]
[EventDate "2016.??.??"]

1. e4 c5 2. Nf3 Nc6 3. d4 cxd4 4. Nxd4 e5 5. Nb5 d6 6. N1c3 a6 7. Na3 b5 8. Nd5
Nf6 9. Bg5 Be7 10. Bxf6 Bxf6 11. c3 O-O 12. Nc2 Bg5 13. g3 Kh8 14. Bg2 Be6 15.
O-O Bh6 16. a4 bxa4 17. Rxa4 a5 18. Qd3 Ne7 19. Nxe7 Qxe7 20. Rfa1 Qb7 21. b4
axb4 22. Nxb4 Rxa4 23. Rxa4 Rd8 24. Ra6 Qc7 25. Rc6 Qd7 26. Qa6 g6 27. h4 Bf8
28. Qb6 Rc8 29. Kh2 Kg8 30. Rxc8 Qxc8 31. Qc6 Qxc6 32. Nxc6 Bh6 33. Bh3 Bc4 34.
Na5 Ba6 35. Nc6 Bd2 36. Ne7+ Kf8 37. Nd5 Bc4 38. Bc8 f5 39. Nb6 Bd3 40. exf5
gxf5 41. Nd5 Kf7 42. f3 Bc4 43. Nb6 Bb3 44. Bxf5 d5 45. Bxh7 Bxc3 46. Bf5 Bd4
47. Nc8 Bc5 48. Kg2 Bc4 49. f4 e4 50. Nd6+ Bxd6 51. Kf2 Bc5+ 52. Ke1 e3 53. Bg4
d4 0-1

[Event "Mechanics' Spring TNM; G/2"]
[Site "San Francisco"]
[Date "2016.03.22"]
[Round "2.14"]
[White "Campers Jr, Willie"]
[Black "Anderson, Michael"]
[Result "0-1"]
[WhiteElo "1673"]
[BlackElo "1962"]
[PlyCount "74"]
[EventDate "2016.??.??"]

1. e4 c5 2. Nf3 e6 3. d4 cxd4 4. Nxd4 a6 5. c4 Nf6 6. Nc3 Bb4 7. Bd3 Qa5 8. Bd2
Nc6 9. Nb3 Qc7 10. O-O Ne5 11. Bg5 Nxc4 12. Bxf6 gxf6 13. Qe2 Bxc3 14. Bxc4 Be5
15. g3 h5 16. Rfc1 Qb6 17. Kg2 h4 18. f4 h3+ 19. Kh1 Bd6 20. Rc3 Qd8 21. Qg4 b5
22. Bf1 Bb7 23. Re1 Bb4 24. Qg7 Ke7 25. Qg4 Bxc3 26. bxc3 Qc7 27. Re3 Rag8 28.
Qf3 f5 29. Nd2 fxe4 30. Qf2 f5 31. Nb3 d5 32. Nd4 Qd7 33. Qb2 Rh7 34. Qb4+ Kf6
35. Qc5 Rc8 36. Qb6 Rc7 37. Be2 Bc8 {and Black later converted his advantage.}
0-1

[Event "Mechanics' Spring TNM; G/2"]
[Site "San Francisco"]
[Date "2016.04.19"]
[Round "6.17"]
[White "Campers Jr, Willie"]
[Black "Andries, W Craig"]
[Result "1-0"]
[WhiteElo "1673"]
[BlackElo "1862"]
[PlyCount "79"]
[EventDate "2016.??.??"]

1. e4 g6 2. d4 Bg7 3. Be3 d6 4. Nc3 a6 5. Qd2 Nd7 6. f3 b5 7. h4 h6 8. g4 c5 9.
O-O-O Qa5 10. Kb1 b4 11. Nd5 e6 12. Nf4 cxd4 13. Bf2 e5 14. Nd5 Rb8 15. Bc4
Ngf6 16. Nxf6+ Bxf6 17. Ne2 Nb6 18. Bb3 Na4 19. g5 Bg7 20. h5 Be6 21. hxg6 Bxb3
22. axb3 Nc3+ 23. bxc3 bxc3 24. gxf7+ Kxf7 25. Nxc3 dxc3 26. g6+ Kxg6 27. Qxd6+
Kh7 28. Be3 Rxb3+ 29. cxb3 c2+ 30. Kxc2 Qa2+ 31. Kd3 Qxb3+ 32. Ke2 Qc4+ 33. Kf2
Qa2+ 34. Rd2 Qf7 35. Rxh6+ Kg8 36. Qd8+ Bf8 37. Qg5+ Qg7 38. Rg6 Rh2+ 39. Kg1
Rh7 40. Rg2 1-0

[Event "Mechanics' Spring TNM; G/2"]
[Site "San Francisco"]
[Date "2016.04.26"]
[Round "7.13"]
[White "Campers Jr, Willie"]
[Black "Askin, David Benja"]
[Result "1/2-1/2"]
[WhiteElo "1673"]
[BlackElo "1918"]
[PlyCount "91"]
[EventDate "2016.??.??"]

1. e4 c6 2. d4 d5 3. e5 Bf5 4. Nf3 e6 5. a3 Nd7 6. Be2 Ne7 7. Bg5 h6 8. Be3 Bh7
9. Bd3 Bxd3 10. Qxd3 Nf5 11. O-O Be7 12. Nbd2 O-O 13. c4 Nb6 14. c5 Nd7 15. b4
f6 16. g4 Nxe3 17. fxe3 fxe5 18. dxe5 Qe8 19. Rf2 Bd8 20. Raf1 Bc7 21. Qd4 Rf7
22. a4 Qb8 23. g5 Bxe5 24. Qg4 Qe8 25. gxh6 Bc3 26. Nb3 Nf6 27. Qg6 Ne4 28. Rg2
Rf5 29. Nbd4 Qxg6 30. Rxg6 Bxd4 31. Nxd4 Rg5+ 32. Rxg5 Nxg5 33. hxg7 Kxg7 34.
h4 Ne4 35. Nxe6+ Kg6 36. Kg2 Re8 37. Nf4+ Kh6 38. Kh3 Nc3 39. Ng2 Kg7 40. a5
Re4 41. Rf4 Na2 42. Kg4 Nxb4 43. Rxe4 dxe4 44. Kf5 Nd3 45. Kxe4 Nxc5+ 46. Ke5
1/2-1/2

[Event "Mechanics' Summer TNM; G/2"]
[Site "San Francisco"]
[Date "2016.07.05"]
[Round "7.15"]
[White "Campers Jr, Willie"]
[Black "Clemens, Kristian"]
[Result "1/2-1/2"]
[WhiteElo "1774"]
[BlackElo "2002"]
[PlyCount "78"]
[EventDate "2016.??.??"]

1. e4 e5 2. Nf3 Nc6 3. Bc4 Bc5 4. O-O Nf6 5. d3 h6 6. Nc3 d6 7. h3 Be6 8. Bxe6
fxe6 9. Ne2 Qd7 10. c3 Bb6 11. b4 a6 12. a4 O-O 13. Be3 Bxe3 14. fxe3 b5 15. a5
Rad8 16. Qb3 d5 17. exd5 exd5 18. Ng3 Qf7 19. Nh4 d4 20. Qc2 dxc3 21. Qxc3 Qd5
22. Nhf5 Rd7 23. Rac1 Ne7 24. e4 Qe6 25. Nxe7+ Qxe7 26. Nf5 Qe6 27. Rf3 Nh5 28.
Qc6 Rf6 29. Qa8+ Rf8 30. Nxh6+ gxh6 31. Rxf8+ Kg7 32. Rh8 Qf7 33. Rf1 Nf4 34.
Rf3 Rxd3 35. Rxd3 Nxd3 36. Rd8 Qf2+ 37. Kh2 Qf4+ 38. Kg1 Qf2+ 39. Kh2 Qf4+
1/2-1/2

[Event "Mechanics' Winter TNM; G/2"]
[Site "San Francisco"]
[Date "2016.02.23"]
[Round "8.12"]
[White "Campers Jr, Willie"]
[Black "Clemens, Kristian"]
[Result "0-1"]
[WhiteElo "1669"]
[BlackElo "1932"]
[PlyCount "100"]
[EventDate "2016.??.??"]

1. e4 e5 2. Nf3 Nc6 3. Bb5 Nd4 4. Nxd4 exd4 5. O-O g6 6. c3 Bg7 7. d3 Ne7 8.
Bg5 O-O 9. Qc1 c6 10. Ba4 d6 11. Bh6 d5 12. Bxg7 Kxg7 13. e5 Bf5 14. Bc2 dxc3
15. bxc3 d4 16. c4 c5 17. Qf4 Nc6 18. a3 Re8 19. Re1 Qe7 20. Nd2 Nxe5 21. Ne4
Bxe4 22. Rxe4 f5 23. Ree1 Qf6 24. f3 Re7 25. Re2 Rae8 26. Rae1 Nc6 27. Rxe7+
Rxe7 28. Rxe7+ Qxe7 29. Kf2 Qe5 30. Qxe5+ Nxe5 31. h3 f4 32. Ke2 g5 33. Ba4 Nf7
34. Bd7 Nd6 35. Be6 Kf6 36. Bg8 h5 37. Bd5 b6 38. a4 Nf5 39. Kf2 Ne3 40. Bc6 g4
41. fxg4 hxg4 42. hxg4 Kg5 43. Bb7 Nd1+ 44. Ke2 Nc3+ 45. Kf3 Nxa4 46. Ke4 Nc3+
47. Ke5 a5 48. Kd6 a4 49. Kc6 a3 50. Kxb6 a2 0-1

[Event "Mechanics' Alan Benson TNM; G/2"]
[Site "San Francisco"]
[Date "2016.09.13"]
[Round "7.16"]
[White "Campers Jr, Willie"]
[Black "Drane, Robert W"]
[Result "1-0"]
[WhiteElo "1751"]
[BlackElo "1953"]
[Annotator "Winslow,Elliott"]
[PlyCount "70"]
[EventDate "2016.??.??"]

1. e4 Nf6 2. e5 Nd5 3. d4 d6 4. Nf3 dxe5 5. dxe5 Bg4 6. Be2 Nc6 7. a3 e6 8. O-O
Bxf3 9. Bxf3 Nxe5 10. Be2 Bd6 11. c4 Nf6 12. b4 c6 13. f4 Ng6 14. Qc2 Bxf4 15.
Bxf4 Qd4+ 16. Be3 Qxa1 ({As a human, I can say that} 16... Qxe3+ {
is a lot easier...}) 17. Nc3 Qxa3 18. Bc5 b6 19. Bd6 Qa6 20. Ne4 O-O-O 21. c5
Qb7 22. Ra1 b5 23. Bf3 Nd5 24. Qb2 f6 25. Ra5 Ne5 26. Bxe5 fxe5 27. Qxe5 Rhe8
28. Bg4 Nc7 29. Nd6+ Rxd6 30. cxd6 Qb6+ 31. Kh1 Nd5 32. Qxg7 Ne7 33. dxe7 Qe3
34. Ra1 Qd2 35. Qf7 Kb7 1-0

[Event "Mechanics' Fall TNM; G/2"]
[Site "San Francisco"]
[Date "2016.11.22"]
[Round "6.11"]
[White "Campers Jr, Willie"]
[Black "Greene, Sammy"]
[Result "0-1"]
[WhiteElo "1751"]
[BlackElo "1454"]
[PlyCount "45"]
[EventDate "2016.??.??"]

1. e4 e5 2. Nf3 Nc6 3. Bb5 a6 4. Ba4 d6 5. c3 Nf6 6. d3 h6 7. O-O Bg4 8. h3 Bh5
9. Be3 Be7 10. Nbd2 O-O 11. Re1 b5 12. Bb3 Na5 13. Bc2 c5 14. Nf1 Qd7 15. Ng3
Bg6 16. Nh4 Kh7 17. Nhf5 Nc6 18. Qd2 Ng8 19. h4 Bf6 20. h5 Bxf5 21. Nxf5 Nge7
22. Ng3 Bh4 23. Nf1 {Black later won. Remaining moves unavailable.} 0-1

[Event "Mechanics' Summer TNM; G/2"]
[Site "San Francisco"]
[Date "2016.06.28"]
[Round "6.23"]
[White "Campers Jr, Willie"]
[Black "James, Charles"]
[Result "1-0"]
[WhiteElo "1774"]
[BlackElo "1342"]
[PlyCount "67"]
[EventDate "2016.??.??"]

1. e4 d5 2. exd5 Qxd5 3. Nc3 Qd8 4. Nf3 Nf6 5. Bc4 e6 6. d4 Bb4 7. Bd2 O-O 8.
O-O a6 9. a3 Bxc3 10. Bxc3 b5 11. Bd3 Bb7 12. Qe2 Nbd7 13. Rad1 Re8 14. Ne5 Qe7
15. Bb4 Qd8 16. f4 c6 17. Be1 Qc7 18. Bg3 c5 19. c3 c4 20. Bb1 Rad8 21. h3 Nb6
22. Qf2 Be4 23. Bh4 Bxb1 24. Bxf6 gxf6 25. Ng4 Nd5 26. Rxb1 Kh8 27. Qh4 Rg8 28.
Nxf6 Nxf6 29. Qxf6+ Rg7 30. Rbe1 Kg8 31. Re5 Rd5 32. Rxd5 exd5 33. Qe5 Qd7 34.
Qb8+ 1-0